00758cam a2200241 a 450000100090000000300040000900500170001300800410003001000170007102000180008802000370010602000240014304000180016704200080018505000260019308200250021924500640024426000650030830000440037350400510041765000290046870000190049716936900OSt20221105100008.0110826s2012 enka b 001 0 eng  a 2011035995 a9780750667302 a9780415506908 (hbk : alk. paper) a9780080966700 (pbk) aDLCcDLCdDLC apcc00aTX911.3.M27bD38 201200a647.95068223bDAV/F00aFood and beverage management /cBernard Davis ... [et al.]. aMilton Park, Abingdon, Oxon ;aNew York :bRoutledge,c2012. a426 p. :bill. (chiefly col.) ;c25 cm. aIncludes bibliographical references and index. 0aFood service management.1 aDavis, Bernard